00425 2200157 4500001002100000008004100021035002000062245004600082100001900128260005400147020002200201084001400223082000800237650001000245990001200255INLIS000000000003346 ind  a0010-0226000012 aMaster Of Sea 14 ( Komik )cKomori Yoichi aYoichi, Komori aJakartabPT. Elex Media Komputindo Gramediac2010 a978-979-27-7199-2 a741 SIK m a741 aKomik a0754522